| 000 | 00955cad a22002055a 4500 | ||
|---|---|---|---|
| 001 | L153956 | ||
| 008 | 110927e20110924xxk 000 0 eng d | ||
| 035 | _a(Sirsi) u153956 | ||
| 041 | 0 | _aeng | |
| 110 | 2 |
_aHalifax _95942 |
|
| 245 | 0 | 4 |
_aThe North offers the best chance for young buyers to get on the housing ladder _h[electronic resource] |
| 260 | _c2011 | ||
| 490 |
_aHalifax Press Release _v24 September 2011 |
||
| 520 | _aResults of research undertaken by Halifax looking at the average age of first time buyers reveals that the average age in some areas of the North is up to 10 years below the average in the South. The national average age is 29. | ||
| 590 | _aKA | ||
| 651 | 4 |
_aUnited Kingdom _y |
|
| 690 | _aPROPERTY-RESIDENTIAL PROPERTY-RESIDENTIAL PROPERTY MARKET | ||
| 856 | 4 | 0 |
_uhttps://www.lloydsbankinggroup.com/media/pdfs/halifax/2011/240911_The_North_FTB.pdf _zView this item free of charge at www.lloydsbankinggroup.com |
| 942 | _n0 | ||
| 999 |
_c83428 _d83428 |
||